Malaysian foreign direct investment in China : causes and challenges /
Saved in:
| Main Author: | |
|---|---|
| Format: | Thesis Book |
| Language: | English |
| Published: |
1996.
|
| Subjects: | |
| Tags: |
Add Tag
No Tags, Be the first to tag this record!
|
| LEADER | 01337cam a2200325 4500 | ||
|---|---|---|---|
| 001 | u399663 | ||
| 003 | SIRSI | ||
| 008 | 850627s1996 my ab t 00 1 eng m | ||
| 035 | |a ACA-7093 | ||
| 040 | |a UMM | ||
| 043 | |a a-cc--- |a a-my--- | ||
| 090 | |a HG5782 |b Lim | ||
| 091 | |a Microfiche 13595. | ||
| 100 | 1 | 0 | |a Lim, Tong Kang. |
| 245 | 1 | 0 | |a Malaysian foreign direct investment in China : |b causes and challenges / |c Lim Tong Kang. |
| 260 | |c 1996. | ||
| 300 | |a 66 leaves [append.] : |b ill., map ; |c 30 cm. | ||
| 500 | |a Microfiche. Kuala Lumpur : University of Malaya Library, 1998. 1 fiche : negative ; 11 x 15 cm. | ||
| 502 | |a Dissertation (M.B.A.) -- Fakulti Ekonomi dan Pentadbiran, Universiti Malaya, 1996. | ||
| 504 | |a Includes bibliographical references. | ||
| 650 | 0 | |a Investments, Foreign |z China. | |
| 650 | 0 | |a Investments, Malaysian |z China. | |
| 650 | 0 | |a International business enterprises |x Management | |
| 651 | 0 | |a Malaysia |x Foreign economic relations |z China. | |
| 651 | 0 | |a China |x Foreign economic relations |z Malaysia. | |
| 710 | 2 | 0 | |a Universiti Malaya. |b Fakulti Ekonomi dan Pentadbiran. |
| 856 | |f IARC:A511964191 |z Click Here for Abstract and Table of Contents | ||
| 948 | |a 22/07/1996 |b 06/06/2002 | ||
| 596 | |a 1 | ||
| 999 | |a HG5782 LIM |w LC |c 1 |i A506171468 |d 22/3/2012 |e 22/3/2012 |l STACKS |m P01UTAMA |n 40 |r Y |s Y |t TESIS |u 23/11/1996 | ||
